| 000 | 00849nam a2200217Ia 4500 | ||
|---|---|---|---|
| 999 |
_c51794 _d51794 |
||
| 003 | GCL | ||
| 005 | 20240530104924.0 | ||
| 008 | 140319s1997 ua 000 0 ara d | ||
| 040 |
_aGCL / _cGCL |
||
| 082 | 0 | 4 |
_a949.501/ _bهـ ع |
| 100 | 1 | _aهسى، ج. م. | |
| 245 | 1 | 2 |
_aالعالم البيزنطى / _cج. م.هسى ؛ ترجمة وتقديم وتعليق رافت عبدالحميد |
| 260 |
_aالقاهرة : _bعين للدراسات والبحوث الانسانية والاجتماعية، _c1997. |
||
| 300 |
_a347 ص.؛ _c24 سم. |
||
| 650 | 0 | 4 | _aاليونان |
| 650 | 0 | 4 | _aاليونان القديمة - تاريخ |
| 650 | 0 | 4 | _aاليونان - تاريخ |
| 650 | 0 | 4 | _aاليونان - تاريخ -العصر الرومان |
| 700 | 0 |
_aرافت عبدالحميد _eمترجم ومقدم ومعلق |
|
| 942 |
_2ddc _cBK |
||